000
00360nam a2200157Ia 4500
003
0STCL
008
150530s9999 xx 000 0 und d
040
_a
STCL
_c
STCL
100
_a
Philips, E.G.
245
_a
Course of Analysis
260
_b
Cambridge university
_c
1962
546
_a
English
942
_2
ddc
_c
BK
999
_c
23436
_d
23436
005
20220125165955.0